[Event "Buenos Aires Najdorf"]
[Site "Buenos Aires"]
[Date "1995.??.??"]
[Round "9"]
[White "De Firmian, Nick E"]
[Black "San Segundo, Pablo"]
[Result "1/2-1/2"]
[WhiteElo "2605"]
[BlackElo "2520"]

1.e4 c5 2.Nf3 Nc6 3.d4 cxd4 4.Nxd4 Nf6 5.Nc3 e5 6.Ndb5 d6 7.Bg5 a6 8.Na3 b5
9.Nd5 Qa5+ 10.Bd2 Qd8 11.Nxf6+ Qxf6 12.Bd3 Be7 13.O-O Qg6 14.c3 O-O 15.Nc2 d5
16.Qe2 Bg4 17.f3 dxe4 18.Bxe4 Bf5 19.a4 Bxe4 20.fxe4 b4 21.Kh1 b3 22.Ne1 Qe6
23.Nf3 Na5  1/2-1/2

[Event "Buenos Aires Najdorf"]
[Site "Buenos Aires"]
[Date "1995.??.??"]
[Round "10"]
[White "Ricardi, Pablo"]
[Black "De Firmian, Nick E"]
[Result "0-1"]
[WhiteElo "2545"]
[BlackElo "2605"]

1.d4 Nf6 2.Nf3 e6 3.g3 b6 4.Bg2 Bb7 5.c4 Be7 6.O-O O-O 7.Nc3 Ne4 8.Nxe4 Bxe4
9.Ne1 Bxg2 10.Nxg2 f5 11.d5 Na6 12.Qc2 Bf6 13.Rb1 Qe7 14.a3 Nc5 15.Nf4 e5
16.Nh5 Bg5 17.f4 exf4 18.gxf4 Bh4 19.b4 Ne4 20.Rb3 Qf7 21.Ng3 Bxg3 22.hxg3 Rae8
23.Bb2 d6 24.Re3 Re7 25.Rd1 Rfe8 26.Rdd3 Qg6 27.Qc1 h5 28.Qf1 Kf7 29.Qg2 Qg4
30.Bd4 Rh8 31.Qf3 Rh6 32.c5 Qg6 33.cxd6 cxd6 34.Qg2 h4 35.gxh4 Qxg2+ 36.Kxg2 Rxh4
37.Rd1 Rxf4 38.Rf3 Rg4+ 39.Kh2 Re8 40.Rdd3 Ng5 41.Rg3 Rxe2+ 42.Kg1 Ree4 43.Rxg4 Rxg4+
44.Kf1 Ne4 45.a4 Nf6 46.Bc3 Rc4 47.Be1 a6 48.Ke2 g5 49.Rh3  0-1

[Event "Mid-America Class op"]
[Site "Chicago"]
[Date "1995.??.??"]
[Round "3"]
[White "Brooks, Michael A"]
[Black "De Firmian, Nick E"]
[Result "1/2-1/2"]
[WhiteElo "2445"]
[BlackElo "2590"]

1.e4 c5 2.Nf3 d6 3.d4 cxd4 4.Nxd4 Nf6 5.Nc3 a6 6.Be2 e5 7.Nf3 Be7 8.O-O O-O
9.Bg5 Nbd7 10.Bc4 b5 11.Bb3 Bb7 12.Re1 Rc8 13.Bxf6 Nxf6 14.Qd3 b4 15.Nd5 Bxd5
16.exd5 a5 17.Qd2 Qd7 18.a4 Bd8 19.Qe2 Bb6 20.Rad1 Ng4 21.Rf1 Qd8 22.h3 Nh6
23.Qd2 Nf5 24.Qd3 e4 25.Qxe4 Ng3 26.Qd3 Nxf1 27.Rxf1 Re8 28.Bc4 Qf6 29.b3 h6
30.g3 Re7 31.Kg2 g6 32.h4 Kg7 33.h5 g5 34.Nh2 Qe5 35.Nf3 Qe4 36.Qxe4 Rxe4
37.Bd3 Re7 38.Nd2 Rce8 39.Nc4 Bc7 40.Ne3 Rxe3 41.fxe3 Rxe3 42.Rf2 Bb6 43.Re2 Rxe2+
44.Bxe2 Kf6 45.g4 Ke5 46.Kf3 f6 47.Bd3 Kxd5 48.Bf5 Kd4 49.Bd3 d5 50.Bf5 Ke5
51.Bd3 Bg1 52.Bf5  1/2-1/2

[Event "Chicago op"]
[Site "Chicago"]
[Date "1995.??.??"]
[Round "4"]
[White "Kaidanov, Grigory S"]
[Black "De Firmian, Nick E"]
[Result "1-0"]
[WhiteElo "2605"]
[BlackElo "2590"]

1.e4 c5 2.Nf3 d6 3.d4 Nf6 4.dxc5 Nxe4 5.cxd6 Nxd6 6.Nc3 Nc6 7.Bf4 Bg4 8.h3 Bxf3
9.Qxf3 e5 10.Be3 Nd4 11.Bxd4 exd4 12.Nd5 Qa5+ 13.b4 Qa4 14.Bd3 O-O-O 15.O-O Qc6
16.c4 dxc3 17.Rac1 Nb5 18.Bxb5  1-0

[Event "Mid-America Class op"]
[Site "Chicago"]
[Date "1995.??.??"]
[Round "4"]
[White "De Firmian, Nick E"]
[Black "Kreiman, Boris"]
[Result "1-0"]
[WhiteElo "2590"]
[BlackElo "2400"]

1.e4 c5 2.Nf3 d6 3.d4 cxd4 4.Nxd4 Nf6 5.Nc3 g6 6.Bc4 Bg7 7.h3 O-O 8.Bb3 Nbd7
9.O-O Nc5 10.Re1 a6 11.Bg5 Bd7 12.Nd5 Nxb3 13.axb3 e6 14.Nxf6+ Bxf6 15.Bxf6 Qxf6
16.Qd2 Rfd8 17.c3 Rac8 18.Rad1 e5 19.Nc2 Be6 20.b4 d5 21.exd5 Rxd5 22.Qe2 Rxd1
23.Rxd1 Bb3 24.Re1 Qg5 25.Ne3 f5 26.b5 a5 27.b6 Rc5 28.Qd3 Qf6 29.Qd7 Qxb6
30.c4 Qb4 31.Qe8+ Kg7 32.Qe7+ Kg8 33.Qe8+ Kg7 34.Qe7+ Kg8 35.Rc1 Rc6 36.Qd8+ Kf7
37.Rc3 Ba4 38.Nd5 Qxb2 39.Qe7+ Kg8 40.Re3 Qc1+ 41.Kh2 Qxc4 42.Qe8+ Kg7 43.Qxe5+ Kg8
44.Qe8+ Kg7 45.Re7+ Kh6 46.Qf8+  1-0

[Event "Chicago op"]
[Site "Chicago"]
[Date "1995.??.??"]
[Round "5"]
[White "De Firmian, Nick E"]
[Black "Weeramantry, Sunil"]
[Result "1-0"]
[WhiteElo "2590"]
[BlackElo "2295"]

1.e4 d6 2.d4 g6 3.Nc3 Bg7 4.f4 c6 5.Nf3 Bg4 6.Be3 Qb6 7.Qd2 Bxf3 8.gxf3 Nd7
9.O-O-O Qa5 10.Kb1 b5 11.h4 Nb6 12.a3 Rb8 13.h5 Nc4 14.Bxc4 bxc4 15.Ka2 e6
16.f5 gxf5 17.Rhg1 Bf8 18.d5 cxd5 19.exd5 e5 20.Qe2 Qa6 21.f4 f6 22.h6 Qb7
23.Qh5+ Kd8 24.Rb1 Qd7 25.Qh4 Bxh6 26.Rxg8+ Rxg8 27.Qxf6+ Kc7 28.Qxh6 Rg2
29.fxe5 dxe5 30.Qa6 Rxc2 31.Bxa7 Rb7 32.Qxc4+ Kd8 33.Bc5 Qg7 34.Bb4 Rd7 35.Qc5  1-0

[Event "Chicago op"]
[Site "Chicago"]
[Date "1995.??.??"]
[Round "7"]
[White "De Firmian, Nick E"]
[Black "Morris, Matthew"]
[Result "1-0"]
[WhiteElo "2590"]
[BlackElo "2295"]

1.e4 c6 2.d4 d5 3.Nc3 dxe4 4.Nxe4 Bf5 5.Ng3 Bg6 6.h4 h6 7.Nf3 Nd7 8.h5 Bh7
9.Bd3 Bxd3 10.Qxd3 Ngf6 11.Bf4 Qa5+ 12.Bd2 Qc7 13.O-O-O e6 14.Ne4 O-O-O 15.g3 Nxe4
16.Qxe4 Bd6 17.c4 Nf6 18.Qc2 c5 19.d5 exd5 20.cxd5 Kb8 21.Bc3 Rhe8 22.Bxf6 gxf6
23.Rhe1 Rxe1 24.Rxe1 Qd7 25.Qe4 f5 26.Qh4 Bf8 27.Qf4+ Ka8 28.Rd1 Bg7 29.Qc4 Qd6
30.Rd2 Re8 31.Re2 Rd8 32.Nh4 b5 33.Qb3 Qd7 34.Qf3 Bf6 35.d6+ Kb8 36.Nxf5 Re8
37.g4 c4 38.Kb1 c3 39.bxc3 Rxe2 40.Qxe2 Qc6 41.Qd3  1-0

[Event "Troll Masters"]
[Site "Gausdal"]
[Date "1995.??.??"]
[Round "1"]
[White "Hagesaether, Paal Vegard"]
[Black "De Firmian, Nick E"]
[Result "0-1"]
[WhiteElo "2150"]
[BlackElo "2590"]

1.e4 c5 2.Nc3 d6 3.g3 Nc6 4.Bg2 g6 5.d3 Bg7 6.f4 e5 7.Nf3 Nge7 8.O-O O-O
9.Be3 Nd4 10.Rb1 Rb8 11.Ne2 Be6 12.a3 b6 13.c3 Bb3 14.Qd2 Ndc6 15.Ng5 h6
16.Nc1 Ba4 17.Nf3 exf4 18.gxf4 d5 19.b3 dxe4 20.dxe4 Bb5 21.c4 Ba6 22.Ne2 Qxd2
23.Bxd2 Rbd8 24.Bc3 Rd3 25.Bxg7 Kxg7 26.Rfc1 Rfd8 27.Nc3 Nd4 28.Kf2 Ne6 29.Ne2 Bb7
30.Ne5 Rd2 31.Ke1 Rxe2+ 32.Kxe2 Nxf4+ 33.Kf3 Nxg2 34.Rd1 Nh4+ 35.Kg3 Bxe4
36.Kxh4 Nf5+ 37.Kh3 Re8 38.Nd3 Bf3 39.Re1 g5  0-1

[Event "Troll Masters"]
[Site "Gausdal"]
[Date "1995.??.??"]
[Round "2"]
[White "De Firmian, Nick E"]
[Black "Burgess, Graham"]
[Result "1-0"]
[WhiteElo "2590"]
[BlackElo "2260"]

1.e4 Nf6 2.e5 Nd5 3.d4 d6 4.Nf3 Bg4 5.Be2 c6 6.Ng5 Bf5 7.e6 fxe6 8.g4 Bg6
9.Bd3 Bxd3 10.Qxd3 Nf6 11.Nxe6 Qd7 12.Qe2 Kf7 13.Ng5+ Kg8 14.Rg1 Na6 15.Nc3 Re8
16.Ne6 Kf7 17.Nxf8 Rhxf8 18.g5 Nd5 19.Nxd5 cxd5 20.Qh5+ Kg8 21.g6 hxg6 22.Qxd5+ e6
23.Qb3 Rf5 24.Be3 Rb5 25.Qa4 Qc6 26.O-O-O Rc8 27.a3 Qb6 28.Rxg6 d5 29.Rdg1 Rc4
30.Rxg7+ Kf8 31.Rh7 e5 32.Qxb5 Qxb5 33.Bh6+ Ke8 34.Rg8+  1-0

[Event "Troll Masters"]
[Site "Gausdal"]
[Date "1995.??.??"]
[Round "3"]
[White "Engqvist, Thomas"]
[Black "De Firmian, Nick E"]
[Result "1-0"]
[WhiteElo "2415"]
[BlackElo "2590"]

1.d4 Nf6 2.Nf3 e6 3.c4 c5 4.Nc3 cxd4 5.Nxd4 Nc6 6.Ndb5 d5 7.Bf4 e5 8.cxd5 exf4
9.dxc6 bxc6 10.Qxd8+ Kxd8 11.Rd1+ Bd7 12.Nd6 Bxd6 13.Rxd6 Rb8 14.Rd2 Re8
15.g3 Kc7 16.Bg2 Rb4 17.O-O fxg3 18.hxg3 h5 19.Rc1 h4 20.a3 Rc4 21.b3 Rg4
22.Nb5+ Kb6 23.Nd6 Re7 24.Nc8+ Bxc8 25.Rxc6+ Ka5 26.Rxc8 hxg3 27.Rd6 gxf2+
28.Kxf2 Rg5 29.Rb8 Ng4+ 30.Ke1 Ne3 31.Bc6 Rg1+ 32.Kd2 Rd1+ 33.Kc3 Rb7 34.b4+  1-0

[Event "Troll Masters"]
[Site "Gausdal"]
[Date "1995.??.??"]
[Round "4"]
[White "De Firmian, Nick E"]
[Black "Olesen, Martin"]
[Result "1-0"]
[WhiteElo "2590"]
[BlackElo "2340"]

1.e4 c5 2.Nf3 d6 3.d4 cxd4 4.Nxd4 Nf6 5.Nc3 g6 6.Bc4 Bg7 7.h3 Nc6 8.Be3 O-O
9.Bb3 Nxd4 10.Bxd4 b5 11.a3 Bb7 12.Qd3 a5 13.Qxb5 Bxe4 14.Bxf6 exf6 15.Nxe4 Qe7
16.Qe2 Rfe8 17.Ba4 f5 18.Bxe8 Rxe8 19.O-O Bxb2 20.Rab1 Bg7 21.Ng3 Qxe2 22.Nxe2 Rxe2
23.Rfe1  1-0

[Event "Troll Masters"]
[Site "Gausdal"]
[Date "1995.??.??"]
[Round "6"]
[White "De Firmian, Nick E"]
[Black "Gausel, Einar"]
[Result "1-0"]
[WhiteElo "2590"]
[BlackElo "2490"]

1.e4 c5 2.Nf3 d6 3.d4 cxd4 4.Nxd4 Nf6 5.Nc3 g6 6.Bc4 Bg7 7.h3 O-O 8.Bb3 Na6
9.O-O Nc5 10.Re1 Qa5 11.Bd2 Nxb3 12.axb3 Qh5 13.Nf3 Be6 14.e5 Nd5 15.exd6 Nxc3
16.Bxc3 Bxc3 17.dxe7 Bxe1 18.exf8=R+ Rxf8 19.Nxe1 Qxd1 20.Rxd1 Rc8 21.b4 Kf8
22.c3 Ke7 23.Ra1 a6 24.Nc2 h5 25.Nd4 Bd7 26.h4 Kd6 27.f3 Re8 28.Kf2 Re5 29.Nc2 Rd5
30.Ne3 Rb5 31.Rd1+ Ke6 32.Nc4 Bc6 33.Rd6+ Ke7 34.Rd4 Rf5 35.f4 Rd5 36.Na5 Rxd4
37.Nxc6+ bxc6 38.cxd4 Ke6 39.Ke3 Kf5 40.Kf3 f6 41.g4+  1-0

[Event "Troll Masters"]
[Site "Gausdal"]
[Date "1995.??.??"]
[Round "7"]
[White "De Firmian, Nick E"]
[Black "Rogers, Ian"]
[Result "1/2-1/2"]
[WhiteElo "2590"]
[BlackElo "2570"]

1.e4 c6 2.d4 d5 3.Nc3 dxe4 4.Nxe4 Nf6 5.Nxf6+ exf6 6.c3 Bd6 7.Bd3 O-O 8.Qc2 Re8+
9.Ne2 g6 10.h4 Be6 11.h5 f5 12.hxg6 fxg6 13.Bd2 Nd7 14.c4 Nf6 15.f3 b5 16.cxb5 cxb5
17.Bxb5 Rc8 18.Qa4 Qe7 19.Kf2 Rf8 20.Rae1 Qf7 21.Nc3 Nh5 22.Rh3 Rfd8 23.Bg5 Nf6
24.Rhh1 Be7 25.Kf1 Rc7 26.Bf4 Bd6 27.Bxd6 Rxd6 28.Kf2 a6 29.Be2 Bc4 30.d5 Bxd5
31.Rd1 Rcd7 32.Nxd5 Nxd5 33.Bc4 Kg7 34.Qa5 Qf6 35.Bxd5 Qxb2+ 36.Kg3 f4+ 37.Kxf4 Qf6+
38.Kg3 Qg5+ 39.Kf2 Rxd5 40.Rxd5 Qxd5 41.Qc3+ Qd4+ 42.Qe3 Qd2+ 43.Qe2 Qxe2+
44.Kxe2 Rb7 45.Rd1 Rb2+ 46.Rd2 Rxd2+ 47.Kxd2 Kf6 48.Ke3 Kf5 49.g3 h5 50.Kd4 a5
51.a4 g5 52.Ke3 Ke5 53.Kf2 Kd4 54.f4 gxf4  1/2-1/2

[Event "Troll Masters"]
[Site "Gausdal"]
[Date "1995.??.??"]
[Round "8"]
[White "Lejlic, Samir"]
[Black "De Firmian, Nick E"]
[Result "0-1"]
[WhiteElo "2425"]
[BlackElo "2590"]

1.e4 c5 2.Nf3 d6 3.d4 cxd4 4.Nxd4 Nf6 5.Nc3 a6 6.Bc4 e6 7.Bb3 Nc6 8.Be3 Be7
9.Qe2 Qc7 10.O-O-O Na5 11.g4 b5 12.g5 Nxb3+ 13.axb3 Nd7 14.h4 b4 15.Na4 Nc5
16.h5 Bd7 17.g6 Nxb3+ 18.Nxb3 Bxa4 19.Kb1 Bf6 20.f4 Rc8 21.gxf7+ Kxf7 22.f5 exf5
23.h6 Qxc2+ 24.Qxc2 Rxc2 25.Kxc2 Rc8+ 26.Kd2 Bxb3 27.Rc1 Rxc1 28.Rxc1 fxe4
29.Rc7+ Kg6 30.Rc6 d5 31.Bd4 Kxh6 32.Bxf6 gxf6 33.Rxf6+ Kg5 34.Rxa6 Bc4 35.Ra7 d4
36.Ra5+ Kf4 37.Ra4 e3+ 38.Ke1 Ke4 39.Rxb4 Bd5 40.Ra4 h5 41.Rb4 h4 42.Rb8 d3
43.b3 h3 44.Rh8  0-1

[Event "National op"]
[Site "Las Vegas"]
[Date "1995.??.??"]
[Round "4"]
[White "Kerman, David J"]
[Black "De Firmian, Nick E"]
[Result "0-1"]
[WhiteElo "2240"]
[BlackElo "2590"]

1.e4 c5 2.Nc3 d6 3.g3 Nc6 4.Bg2 g6 5.d3 Bg7 6.f4 e5 7.Nh3 Nge7 8.O-O Nd4
9.f5 gxf5 10.Qh5 h6 11.exf5 Bxf5 12.Be4 Bg6 13.Bxg6 fxg6 14.Qg4 Qd7 15.Qxd7+ Kxd7
16.Rf7 Rag8 17.Nd5 Bf8 18.Nf6+ Ke6 19.Nxg8 Kxf7 20.Nxe7 Bxe7 21.c3 Ne2+ 22.Kg2 Nxc1
23.Rxc1 b5 24.c4 Rb8 25.b3 Ke6 26.Nf2 d5 27.Rc2 Bg5 28.Kf3 bxc4 29.bxc4 Rb4
30.Ke2 h5 31.cxd5+ Kxd5 32.Ne4 Be7 33.Nd2 h4 34.a3 Ra4 35.Nb1 Ke6 36.Kf3 a6
37.Rc4 Ra5 38.gxh4 Rb5 39.Nd2 Rb2 40.Ne4 Rxh2 41.Nxc5+ Kf5 42.Nxa6 Bxh4 43.Nc5 g5
44.Ne4 g4+ 45.Ke3 Rh3+ 46.Ke2 Rh2+ 47.Ke3 g3 48.Rc1 Kg4 49.Rg1 Ra2 50.Nxg3 Bxg3
51.d4 Kh3 52.Kf3 Rxa3+ 53.Ke4 exd4  0-1

[Event "Lexington"]
[Site "Lexington"]
[Date "1995.??.??"]
[Round "?"]
[White "Fedorowicz, John P"]
[Black "De Firmian, Nick E"]
[Result "1-0"]
[WhiteElo "2510"]
[BlackElo "2605"]

1.d4 Nf6 2.c4 c5 3.d5 e6 4.Nc3 exd5 5.cxd5 d6 6.e4 g6 7.f3 Bg7 8.Bg5 h6 9.Be3 O-O
10.Qd2 Kh7 11.Nge2 Na6 12.Ng3 Nc7 13.a4 Re8 14.Be2 a6 15.O-O Rb8 16.Rab1 b5
17.axb5 Nxb5 18.Nxb5 axb5 19.b4 c4 20.Bd4 h5 21.Nh1 Bb7 22.Nf2 Ra8 23.Qb2 Bh8
24.Ra1 Nd7 25.Rxa8 Qxa8 26.Bxh8 Rxh8 27.f4 Re8 28.Bf3 Qa7 29.Qc3 Qb6 30.Re1 Ra8
31.e5 Ra2 32.Rf1 Nf8 33.e6 Qd8 34.Ne4 fxe6 35.Ng5+ Kg8 36.dxe6 Bxf3 37.Qxf3 Qf6
38.Qd5 Qe7 39.h4 Re2 40.f5 Re5 41.Qxe5 dxe5 42.f6 Qa7+ 43.Kh2 Qd4 44.e7 Qxh4+
45.Kg1 Qxg5 46.e8=Q  1-0

[Event "Lexington"]
[Site "Lexington"]
[Date "1995.??.??"]
[Round "?"]
[White "De Firmian, Nick E"]
[Black "Gurevich, Dmitry"]
[Result "0-1"]
[WhiteElo "2605"]
[BlackElo "2525"]

1.d4 Nf6 2.Nf3 c5 3.d5 b5 4.a4 b4 5.c4 d6 6.Nbd2 g6 7.b3 Bg7 8.Bb2 O-O 9.e4 e6
10.Qc2 Re8 11.O-O-O Ng4 12.Bxg7 Kxg7 13.Qb2+ e5 14.Nb1 f5 15.exf5 Bxf5 16.h3 Nf6
17.Nbd2 e4 18.g4 Bc8 19.Ng5 e3 20.Nde4 h6 21.Ne6+ Bxe6 22.dxe6 Rxe6 23.Bg2 Nd7
24.Nxf6 Nxf6 25.Bd5 e2 26.Rde1 Re5 27.Kd2 Nxd5 28.cxd5 Qf6 29.Kc1 Rae8 30.Qd2 Qxf2
31.Kc2 Re3 32.h4 Qf3 33.g5 Rc3+ 34.Kb2 Rxb3+ 35.Kc2 Ra3 36.gxh6+ Kh7 37.Rb1 Ra2+  0-1

[Event "Lexington"]
[Site "Lexington"]
[Date "1995.??.??"]
[Round "?"]
[White "Gurevich, Dmitry"]
[Black "De Firmian, Nick E"]
[Result "0-1"]
[WhiteElo "2525"]
[BlackElo "2605"]

1.d4 Nf6 2.c4 e6 3.g3 c5 4.Nf3 cxd4 5.Nxd4 Nc6 6.Bg2 Qb6 7.e3 d5 8.cxd5 Nxd4
9.exd4 Nxd5 10.O-O Be7 11.Nc3 Nxc3 12.bxc3 Bd7 13.Qg4 O-O 14.Bh6 Bf6 15.Rab1 Qa5
16.Rxb7 Rad8 17.Qf3 Bb5 18.Qh5 e5 19.Be4 g6 20.Qf3 Bg7 21.Bxg7 Kxg7 22.Rb1 Bc4
23.dxe5 Qxe5 24.Rxa7 Rfe8 25.Rbb7 Qxe4 26.Rxf7+ Bxf7 27.Qxf7+ Kh6 28.Qxh7+ Kg5
29.Ra5+ Kg4 30.h3+ Kf3 31.Qf7+ Ke2 32.Kh2 Kf1  0-1

[Event "USA-ch"]
[Site "Modesto"]
[Date "1995.??.??"]
[Round "1"]
[White "Gurevich, Dmitry"]
[Black "De Firmian, Nick E"]
[Result "1/2-1/2"]
[WhiteElo "2525"]
[BlackElo "2605"]

1.Nf3 c5 2.c4 Nc6 3.d4 cxd4 4.Nxd4 e6 5.Nc3 Nf6 6.a3 Bc5 7.Nb3 Be7 8.g3 O-O
9.Bg2 b6 10.O-O Ba6 11.Nb5 d5 12.cxd5 Nxd5 13.a4 Rc8 14.Bd2 Bf6 15.Qb1 Qe7
16.Rc1 Rfd8 17.Rc4 Qd7 18.h4 h6 19.Qa2 Ncb4 20.Rxb4 Nxb4 21.Bxb4 Bxb5 22.axb5 Qxb5
23.Bc3 Bxc3 24.bxc3 Rxc3 25.Rb1 Qc4 26.e3 e5 27.Bf1 Qe6 28.Qb2 Rdc8 29.Nc1 Rc2
30.Qa1 a5 31.Nd3 R8c3 32.Qa4 e4 33.Nf4 Qc6 34.Bb5 Rc1+ 35.Kg2 Qb7 36.Rb2 Rc5
37.Rd2 Qe7 38.Be2  1/2-1/2

[Event "USA-ch"]
[Site "Modesto"]
[Date "1995.??.??"]
[Round "2"]
[White "De Firmian, Nick E"]
[Black "Waitzkin, Joshua"]
[Result "1/2-1/2"]
[WhiteElo "2605"]
[BlackElo "2440"]

1.e4 d5 2.exd5 Qxd5 3.d4 c6 4.Nf3 Nf6 5.Be2 Bg4 6.O-O e6 7.c4 Qa5 8.Nc3 Bd6
9.h3 Bh5 10.c5 Bxf3 11.Bxf3 Be7 12.Rb1 Qc7 13.b4 O-O 14.g3 Rd8 15.Bf4 Qc8
16.Re1 Na6 17.Be5 Nc7 18.b5 Ncd5 19.Nxd5 Nxd5 20.bxc6 Qxc6 21.Qb3 b6 22.cxb6 axb6
23.Rec1 Qa4 24.Bxd5 exd5 25.Bc7 Re8 26.Qxd5 Qxa2 27.Qxa2 Rxa2 28.Bxb6 Bd6
29.Rc6 Bb8 30.Rd1 Ba7 31.d5 Bxb6 32.Rxb6 Ra7 33.Kg2 Rd7 34.Kf3 f6 35.Rb3 Re5
36.Rbd3 Kf7 37.Kg2 Rd6 38.f4 Re7 39.Kf3 f5 40.g4 g6 41.Re3 Ra7 42.Rdd3 fxg4+
43.hxg4 h5 44.g5 Ra4 45.Re4 Ra5 46.Re5 Rd7 47.Ke4 Ra4+ 48.Rd4 Ra1 49.d6 Ra6
50.Red5 Ke6 51.Re5+ Kf7 52.f5 Raxd6 53.Rxd6 Rxd6 54.f6 Re6 55.Kd5 Rxe5+ 56.Kxe5 Kf8
57.Kd5 Kf7 58.Ke4 Ke6  1/2-1/2

[Event "USA-ch"]
[Site "Modesto"]
[Date "1995.??.??"]
[Round "4"]
[White "Browne, Walter S"]
[Black "De Firmian, Nick E"]
[Result "1/2-1/2"]
[WhiteElo "2560"]
[BlackElo "2605"]

1.d4 Nf6 2.c4 e6 3.Nf3 b6 4.g3 Bb4+ 5.Bd2 Bxd2+ 6.Qxd2 Ba6 7.b3 c6 8.Nc3 d5
9.e4 Nxe4 10.Nxe4 dxe4 11.Ng5 Nd7 12.Bg2 Nf6 13.Nxe4 Nxe4 14.Bxe4 Bb7 15.Rc1 O-O
16.c5 Qd7 17.O-O e5 18.Rfd1 Rfd8 19.Qc2 exd4 20.cxb6 axb6 21.Bxc6 Qc8 22.Qe4 Bxc6
23.Qxc6 Qa6 24.a4 Qa5 25.Rd3 h6 26.Qe4 b5 27.Rxd4 Rxd4 28.Qxd4 bxa4 29.bxa4 Qxa4
30.Rc8+ Kh7 31.Qd3+  1/2-1/2

[Event "USA-ch"]
[Site "Modesto"]
[Date "1995.??.??"]
[Round "5"]
[White "De Firmian, Nick E"]
[Black "Gulko, Boris F"]
[Result "1/2-1/2"]
[WhiteElo "2605"]
[BlackElo "2620"]

1.e4 c6 2.d4 d5 3.Nc3 dxe4 4.Nxe4 Nd7 5.Bc4 Ngf6 6.Ng5 e6 7.Qe2 Nb6 8.Bd3 h6
9.N5f3 c5 10.dxc5 Bxc5 11.Ne5 Nbd7 12.Ngf3 Qc7 13.Bf4 Bb4+ 14.Kf1  1/2-1/2

[Event "USA-ch"]
[Site "Modesto"]
[Date "1995.??.??"]
[Round "7"]
[White "De Firmian, Nick E"]
[Black "Kudrin, Sergey"]
[Result "1-0"]
[WhiteElo "2605"]
[BlackElo "2525"]

1.e4 c5 2.Nf3 Nc6 3.d4 cxd4 4.Nxd4 g6 5.c4 Bg7 6.Be3 Nf6 7.Nc3 O-O 8.Be2 b6
9.Qd2 Bb7 10.f3 d6 11.O-O Ne5 12.Rac1 Rc8 13.Nd5 Ned7 14.Nb5 a6 15.Nbc3 Bc6
16.Rfd1 Re8 17.Bf1 Rb8 18.b4 Bh8 19.Qe2 Bg7 20.Rd2 Bh8 21.Qe1 Bg7 22.Qd1 Qc8
23.Ne2 Qd8 24.Nd4 Bb7 25.Nb3 Qc8 26.a4 Ba8 27.a5 bxa5 28.Nxa5 e6 29.Nxf6+ Nxf6
30.Rxd6 Bf8 31.b5 Bxd6 32.Qxd6 axb5 33.cxb5 Qd7 34.Qe5 Nh5 35.g4 f6 36.Qc7 Qxc7
37.Rxc7 Rec8 38.Rxc8+ Rxc8 39.gxh5 gxh5 40.b6 Rc3 41.Bd4 Rxf3 42.b7 Bxb7
43.Nxb7 Kg7 44.Nc5 e5 45.Bf2 Rc3 46.h4 Kg6 47.Bd3 Kf7 48.Kf1 Kg6 49.Ke2 Rc1
50.Nb3 Rc3 51.Nd2 Ra3 52.Nc4 Ra2+ 53.Kf3 Ra1 54.Ne3 Ra3 55.Bc4 Rc3 56.Be1 Ra3
57.Bb4 Ra7 58.Bd5 Ra4 59.Bf8 Ra1 60.Nf5 h6 61.Nxh6 Rf1+ 62.Kg2 Rb1 63.Bf7+ Kh7
64.Nf5 Re1 65.Ng3 Rc1 66.Bxh5 Rc3 67.Bg4 Kg8 68.Bb4 Rc2+ 69.Kh3 Rb2 70.Ba3 Rb6
71.Bf5 Kg7 72.Kg4 Rc6 73.h5 Rb6 74.h6+ Kf7 75.h7 Rb8 76.Nh5 Ra8 77.Bc1  1-0

[Event "USA-ch"]
[Site "Modesto"]
[Date "1995.??.??"]
[Round "9"]
[White "De Firmian, Nick E"]
[Black "Khmelnitsky, Igor N"]
[Result "1/2-1/2"]
[WhiteElo "2605"]
[BlackElo "2490"]

1.e4 c5 2.Nf3 e6 3.d4 cxd4 4.Nxd4 Nf6 5.Nc3 Nc6 6.Ndb5 Bb4 7.a3 Bxc3+ 8.Nxc3 d5
9.Bd3 d4 10.Ne2 Qa5+ 11.Bd2 Qb6 12.b4 O-O 13.O-O Bd7 14.f4 Rac8 15.Ng3 e5
16.f5 Ne7 17.a4 Kh8 18.Kh1 a6 19.Nh5 Nxh5 20.Qxh5 f6 21.Rf3 Ng8 22.Rh3 h6
23.Rg3 Be8 24.Qe2 Rf7 25.h3 Rfc7 26.b5 axb5 27.axb5 Qd6 28.Qg4 Qe7 29.Kh2 Qf7
30.Bb4 Qh5 31.Ra7 Qxg4 32.hxg4 b6 33.Ra4 Rb7 34.Rf3 h5 35.gxh5 Nh6 36.Kg3 Bxh5
37.Rf1 Be8 38.Rfa1 Kh7 39.Ra7 Rcc7 40.Ra8 Bd7 41.Rf8 Rc8 42.Rxc8 Bxc8 43.Ra8 Rc7
44.Bd6 Bb7 45.Bxc7 Bxa8 46.Kf2 Nf7 47.c3 dxc3 48.Ke3 Kh6 49.Bxb6 Nd6 50.Ba5 c2
51.Bd2 Kh5 52.Bc1 Kg4 53.b6 Kg3 54.Bxc2 Nc4+ 55.Ke2 Nxb6 56.Ba3 Nd7 57.Ke3 Bc6
58.Bd3 Kxg2 59.Bc4 Kg3 60.Be6 Kg4 61.Bxd7 Bxd7 62.Bf8  1/2-1/2

[Event "USA-ch"]
[Site "Modesto"]
[Date "1995.??.??"]
[Round "10"]
[White "Yermolinsky, Alex"]
[Black "De Firmian, Nick E"]
[Result "1/2-1/2"]
[WhiteElo "2560"]
[BlackElo "2605"]

1.Nf3 c5 2.c4 Nc6 3.d4 cxd4 4.Nxd4 e6 5.Nb5 d6 6.e4 a6 7.N5c3 Nf6 8.Be2 Be7
9.O-O b6 10.Be3 Bb7 11.Qb3 Nd7 12.Rd1 Rb8 13.Na3 O-O 14.f3 Re8 15.Qc2 Rc8
16.Rac1 Bf8 17.Qd2 Ba8 18.Bf2 Ncb8 19.Bf1 Qc7 20.Nc2 Ne5 21.Ne3 Nbd7 22.Ne2  1/2-1/2

[Event "USA-ch"]
[Site "Modesto"]
[Date "1995.??.??"]
[Round "12"]
[White "Orlov, Georgi"]
[Black "De Firmian, Nick E"]
[Result "0-1"]
[WhiteElo "2465"]
[BlackElo "2605"]

1.d4 Nf6 2.c4 e6 3.g3 c5 4.Nf3 cxd4 5.Nxd4 Nc6 6.Bg2 Qb6 7.Nc2 d5 8.Nba3 Bc5
9.O-O O-O 10.cxd5 exd5 11.Ne3 Be6 12.Qd3 Rfd8 13.h3 Rac8 14.Kh2 a6 15.f4 Nb4
16.Qb3 Bxe3 17.Qxe3 d4 18.Qf2 Nc2 19.Nxc2 Rxc2 20.Rd1 Bc4 21.Bf3 Re8 22.Re1 Bxe2
23.b3 Qb5 24.Bb2 Ne4 25.Qxd4 Bxf3+  0-1

[Event "USA-ch"]
[Site "Modesto"]
[Date "1995.??.??"]
[Round "13"]
[White "De Firmian, Nick E"]
[Black "Wolff, Patrick G"]
[Result "1/2-1/2"]
[WhiteElo "2605"]
[BlackElo "2565"]

1.e4 c5 2.Nf3 d6 3.d4 cxd4 4.Nxd4 Nf6 5.Nc3 a6 6.Be3 e6 7.a4 Nc6 8.g3 Be7
9.Bg2 O-O 10.O-O Qc7 11.Kh1 Bd7 12.f4 Rac8 13.Nb3 Na5 14.Nxa5 Qxa5 15.g4 Qb4
16.g5 Ne8 17.Qd2 Bd8 18.Ra3 Ba5 19.Rb3 Qc4 20.Qf2 f6 21.Qg3 fxg5 22.Qxg5 Bd8
23.Qg3 Bc6  1/2-1/2

[Event "New York op"]
[Site "New York"]
[Date "1995.??.??"]
[Round "4"]
[White "Alburt, Lev O"]
[Black "De Firmian, Nick E"]
[Result "0-1"]
[WhiteElo "2560"]
[BlackElo "2590"]

1.d4 Nf6 2.Nc3 d5 3.Bg5 e6 4.e4 dxe4 5.Nxe4 Be7 6.Bxf6 Bxf6 7.Nf3 Nd7 8.Bd3 O-O
9.Qe2 c5 10.Nxf6+ Qxf6 11.Qe4 g6 12.c3 Rb8 13.Ne5 cxd4 14.cxd4 Nxe5 15.Qxe5 Qxe5+
16.dxe5 Bd7 17.Be4 Rfc8 18.Kd2 Rc5 19.f4 Bc6 20.Bxc6 bxc6 21.Rab1 Rd8+ 22.Ke3 Rc2
23.g3 Rdd2 24.Rhc1 Kf8 25.Rxc2 Rxc2 26.a4 h6 27.Kf3 Kg7 28.b4 g5 29.b5 Kg6
30.b6 axb6 31.Rxb6 Rc3+ 32.Kg2 gxf4 33.gxf4 Kf5 34.a5 Kxf4 35.Rb7 Kxe5 36.Rxf7 Ra3
37.Ra7 Kd6 38.a6 h5 39.Ra8 Ra2+  0-1

[Event "New York op"]
[Site "New York"]
[Date "1995.??.??"]
[Round "8"]
[White "De Firmian, Nick E"]
[Black "Tkachiev, Vladislav"]
[Result "1/2-1/2"]
[WhiteElo "2590"]
[BlackElo "2575"]

1.e4 e5 2.Nf3 Nc6 3.Bb5 a6 4.Ba4 Nf6 5.O-O b5 6.Bb3 Bc5 7.Nxe5 Nxe5 8.d4 Bxd4
9.Qxd4 d6 10.c3 c5 11.Qd1 O-O 12.f3 Bb7 13.a4 Bc6 14.Na3 Re8 15.c4 bxc4 16.Nxc4 Nxc4
17.Bxc4 d5 18.exd5 Bxd5 19.b3 Bxc4 20.bxc4 Qc7 21.Bb2 Nh5 22.Re1 Nf4 23.Qd2 Ne6
24.Be5 Rad8 25.Bxc7 Rxd2 26.Bb6 Rc8 27.Rad1 Rc2 28.Re4 a5 29.Bxa5  1/2-1/2

[Event "World op"]
[Site "Philadelphia"]
[Date "1995.??.??"]
[Round "3"]
[White "De Firmian, Nick E"]
[Black "Gurevich, Dmitry"]
[Result "1/2-1/2"]
[WhiteElo "2605"]
[BlackElo "2525"]

1.e4 c5 2.Nf3 d6 3.d4 cxd4 4.Nxd4 Nf6 5.Nc3 Nc6 6.Bc4 e6 7.Be3 Be7 8.Bb3 a6
9.Qe2 Qc7 10.O-O-O Na5 11.g4 b5 12.g5 Nxb3+ 13.axb3 Nd7 14.h4 b4 15.Na4 Nc5
16.h5 Bd7 17.Kb1 Bxa4 18.bxa4 Qb7 19.g6 Bf6 20.f3 Nxa4 21.Qc4 O-O 22.gxf7+ Qxf7
23.Qxe6 Qxe6 24.Nxe6 Nxb2 25.Nxf8 Nxd1 26.Rxd1 Rxf8 27.Rxd6 Be7 28.Rd7 Rxf3
29.Bd4 Rf1+ 30.Kb2 Rd1 31.c3 Bf6 32.Kc2 Re1 33.Bxf6 gxf6 34.cxb4 Rxe4 35.Kc3 Re5
36.Rd6 a5 37.bxa5  1/2-1/2

[Event "World op"]
[Site "Philadelphia"]
[Date "1995.??.??"]
[Round "4"]
[White "Shabalov, Alexander"]
[Black "De Firmian, Nick E"]
[Result "1-0"]
[WhiteElo "2555"]
[BlackElo "2605"]

1.d4 Nf6 2.c4 e6 3.Nc3 Bb4 4.e3 b6 5.Ne2 Ne4 6.Bd2 Nxd2 7.Qxd2 O-O 8.Ng3 Re8
9.Bd3 g6 10.h4 h5 11.e4 d5 12.e5 Nc6 13.Nxh5 dxc4 14.Bxc4 Bb7 15.Nf6+ Kg7
16.Nxe8+ Qxe8 17.h5 Qh8 18.O-O-O gxh5 19.Qg5+ Kf8 20.Rxh5 Qg8 21.Qh4 Be7
22.Qh2 f5 23.Bxe6 Bg5+ 24.f4  1-0

[Event "World op"]
[Site "Philadelphia"]
[Date "1995.??.??"]
[Round "6"]
[White "Yedidia, Jonathan"]
[Black "De Firmian, Nick E"]
[Result "0-1"]
[WhiteElo "2435"]
[BlackElo "2605"]

1.d4 Nf6 2.Nf3 e6 3.Bg5 h6 4.Bh4 d6 5.h3 b6 6.Nbd2 Bb7 7.e3 Nbd7 8.Bd3 g5
9.Bg3 Bg7 10.Qe2 Qe7 11.c3 a6 12.O-O O-O 13.Nh2 Nd5 14.Rae1 f5 15.e4 Nxc3
16.bxc3 f4 17.Bxf4 Rxf4 18.g3 Rf7 19.f4 gxf4 20.gxf4 Raf8 21.Qe3 Qh4 22.f5 exf5
23.Bc4 d5 24.Bxd5 Bxd5 25.exd5 Nf6 26.Rxf5 Re8 27.Re5 Rxe5 28.Qxe5 Ng4 29.Nhf3 Bxe5
30.Nxh4 Bg3 31.Re4 Nf6 32.Nf5 Nxe4 33.Nxh6+ Kg7 34.Nxe4 Kxh6 35.Nxg3 Rf3
36.Ne2 Rxh3 37.Kf2 Kg5 38.Ke1 Rd3  0-1